Thủ công: Bùa chú của đất sét, tập 1.2A

Tallennettuna:
Bibliografiset tiedot
Aineistotyyppi: Kirja
Tagit: Lisää tagi
Ei tageja, Lisää ensimmäinen tagi!
Thư viện lưu trữ: Mạng thư viện Đại học Đà Nẵng
LEADER 00424nam a22001691a 4500
001 000039791
003 16086
005 20160412022647.0
008 160412s0 000
082 |a 4N(TK)521 
245 |a Thủ công: Bùa chú của đất sét, tập 1.2A 
OWN |a LNN 
999 |a From the UDN01 
TYP |a Monograph 
980 |a Mạng thư viện Đại học Đà Nẵng